[Event "Ostrava Konik op-C"]
[Site "Ostrava"]
[Date "2012.05.02"]
[Round "5"]
[White "Vinklarek, Vlastimil"]
[Black "Abraham, Karel"]
[Result "1-0"]
[WhiteElo "1712"]
[BlackElo "1817"]
[PlyCount "67"]
[EventDate "2012.04.28"]
[EventType "swiss"]
[EventRounds "9"]
[EventCountry "CZE"]
[SourceTitle "CBM 148 Extra"]
[Source "ChessBase"]
[SourceDate "2012.06.22"]
[SourceVersion "1"]
[SourceVersionDate "2012.06.22"]
[SourceQuality "1"]

1. d4 Nf6 2. c4 c5 3. e3 g6 4. Nc3 Bg7 5. Nf3 0-0 6. Bd3 cxd4 7. exd4 d5 8. c5 b6 9. b4 a5 10. Qb3 axb4 11. Qxb4 bxc5 12. Qxc5 Ba6 13. Bxa6 Nxa6 14. Qb5 Qc7 15. Bd2 Rfb8 16. Qe2 e6 17. 0-0 Qd7 18. Rfb1 Nc7 19. Ne5 Qe8 20. h3 Rxb1+ 21. Rxb1 Rb8 22. Rxb8 Qxb8 23. a4 Qa7 24. Qd3 Ne4 25. Nxe4 dxe4 26. Qc4 Bxe5 27. dxe5 Qb7 28. a5 Qd5 29. Qxc7 Qxd2 30. a6 Qe1+ 31. Kh2 e3 32. Qd8+ Kg7 33. Qf6+ Kh6 34. Qf4+ 1-0

[Event "Czechia KP-chTA 0607"]
[Site "Czech Republic"]
[Date "2007.02.18"]
[Round "8.8"]
[White "Abraham, Karel"]
[Black "Utratil, Ferdinand"]
[Result "1-0"]
[WhiteElo "1904"]
[BlackElo "1553"]
[PlyCount "45"]
[EventDate "2006.10.29"]
[EventType "team"]
[EventRounds "11"]
[EventCountry "CZE"]
[SourceTitle "EXT 2008"]
[Source "ChessBase"]
[SourceDate "2007.11.25"]
[SourceVersion "1"]
[SourceVersionDate "2007.11.25"]
[SourceQuality "1"]
[WhiteTeam "Kladno"]
[BlackTeam "Tisice"]
[WhiteTeamCountry "CZE"]
[BlackTeamCountry "CZE"]

1. e4 c5 2. c3 g6 3. d4 cxd4 4. cxd4 Bg7 5. f4 e6 6. Nf3 Ne7 7. Nc3 a6 8. Be2 0-0 9. 0-0 Nbc6 10. Be3 d5 11. e5 Nf5 12. Bf2 b5 13. a3 Bd7 14. b4 f6 15. exf6 Bxf6 16. Ne5 Bxe5 17. dxe5 d4 18. Ne4 Ra7 19. Nf6+ Kh8 20. g4 Ne3 21. Bxe3 dxe3 22. Rf3 Ne7 23. Qd4 1-0

[Event "Czechia KP-chTA 0607"]
[Site "Czech Republic"]
[Date "2007.01.07"]
[Round "5.8"]
[White "Abraham, Karel"]
[Black "Stufka, Karel"]
[Result "1/2-1/2"]
[WhiteElo "1904"]
[BlackElo "1722"]
[PlyCount "112"]
[EventDate "2006.10.29"]
[EventType "team"]
[EventRounds "11"]
[EventCountry "CZE"]
[SourceTitle "EXT 2008"]
[Source "ChessBase"]
[SourceDate "2007.11.25"]
[SourceVersion "1"]
[SourceVersionDate "2007.11.25"]
[SourceQuality "1"]
[WhiteTeam "Kladno"]
[BlackTeam "Pribram II"]
[WhiteTeamCountry "CZE"]
[BlackTeamCountry "CZE"]

1. e4 e5 2. Nf3 Nc6 3. d4 exd4 4. Bc4 Be7 5. Nxd4 Nf6 6. Nxc6 dxc6 7. Qxd8+ Bxd8 8. Nc3 0-0 9. Bf4 b5 10. Bd3 Re8 11. 0-0-0 Be6 12. f3 a5 13. g4 Nd7 14. h4 Nb6 15. Kb1 Na4 16. Nxa4 bxa4 17. g5 Rb8 18. a3 Rb7 19. Be3 Be7 20. Ba6 Rbb8 21. Rd3 c5 22. Rc3 c4 23. Bxc4 Bxc4 24. Rxc4 Bxa3 25. Bd4 Bxb2 26. Bxb2 a3 27. Ka2 axb2 28. Rxc7 Rb5 29. Rb1 Reb8 30. Rc3 a4 31. Ra3 Rb4 32. c3 R4b7 33. Rxa4 h6 34. Rb4 Rxb4 35. cxb4 Rxb4 36. Rxb2 Ra4+ 37. Kb3 Ra5 38. gxh6 Rh5 39. hxg7 Rxh4 40. Kc3 Rh3 41. Rf2 Kxg7 42. Kd4 f6 43. f4 Kf7 44. Rc2 Ke7 45. Rc7+ Kd6 46. Rf7 Ke6 47. Rg7 Rh1 48. f5+ Kd6 49. Rg3 Ra1 50. Rd3 Ra4+ 51. Ke3+ Ke7 52. Kf4 Ra1 53. Rb3 Rf1+ 54. Ke3 Re1+ 55. Kd4 Rd1+ 56. Rd3 Ra1 1/2-1/2

[Event "Ostrava Konik op-A"]
[Site "Ostrava"]
[Date "2007.??.??"]
[Round "1"]
[White "Abraham, Karel"]
[Black "Kolar, Stanislav"]
[Result "0-1"]
[WhiteElo "1900"]
[BlackElo "2155"]
[PlyCount "76"]
[EventDate "2007.05.??"]
[EventType "swiss"]
[EventRounds "9"]
[EventCountry "CZE"]
[SourceTitle "EXT 2010"]
[Source "ChessBase"]
[SourceDate "2010.11.25"]
[SourceVersion "1"]
[SourceVersionDate "2010.11.25"]
[SourceQuality "1"]

1. e4 g6 2. d4 Bg7 3. f4 c6 4. Nf3 d6 5. Bd3 Nh6 6. 0-0 0-0 7. Nc3 Bg4 8. Ne2 Nd7 9. h3 Bxf3 10. Rxf3 c5 11. Be3 Rc8 12. Qd2 f5 13. Bc4+ Kh8 14. Be6 fxe4 15. Rf2 Nf5 16. Bxf5 gxf5 17. g4 Rg8 18. g5 b6 19. h4 Qe8 20. Ng3 Qf7 21. h5 Nb8 22. Rh2 cxd4 23. Bxd4 Nc6 24. Bxg7+ Kxg7 25. Kh1 Kf8 26. Rd1 Ke8 27. Qd5 Rf8 28. g6 hxg6 29. Qxf7+ Kxf7 30. hxg6+ Kxg6 31. Rg1 Kf7 32. Nxf5 Ke6 33. Ng7+ Kd7 34. f5 Nd4 35. Rg6 Rxc2 36. Ne6 Rxh2+ 37. Kxh2 Nf3+ 38. Kg3 Rxf5 0-1

[Event "Ostrava Konik op-A"]
[Site "Ostrava"]
[Date "2007.??.??"]
[Round "2"]
[White "Papan, Cyril"]
[Black "Abraham, Karel"]
[Result "1-0"]
[WhiteElo "2055"]
[BlackElo "1900"]
[PlyCount "69"]
[EventDate "2007.05.??"]
[EventType "swiss"]
[EventRounds "9"]
[EventCountry "CZE"]
[SourceTitle "EXT 2010"]
[Source "ChessBase"]
[SourceDate "2010.11.25"]
[SourceVersion "1"]
[SourceVersionDate "2010.11.25"]
[SourceQuality "1"]

1. d4 Nf6 2. c4 c5 3. e3 g6 4. Nc3 Bg7 5. Nf3 cxd4 6. exd4 0-0 7. Bd3 d6 8. 0-0 Nc6 9. d5 Nb4 10. Be2 Ng4 11. Nd4 Bxd4 12. Bxg4 Bg7 13. Bg5 Re8 14. Rc1 h5 15. Be2 Bf5 16. a3 Na6 17. b4 Nb8 18. c5 dxc5 19. bxc5 a6 20. Qb3 Qc7 21. Na4 Nd7 22. c6 bxc6 23. dxc6 Nf6 24. Qb7 Qxb7 25. cxb7 Rab8 26. Bxa6 Nd5 27. Rc5 e6 28. Rd1 f6 29. Bc1 Bf8 30. Rc8 Kf7 31. Rxb8 Rxb8 32. Rxd5 exd5 33. Bf4 Re8 34. h3 Bxa3 35. Bb5 1-0

[Event "CZE-chT3A Middle 0506  "]
[Site "Czech Republic"]
[Date "2006.03.05"]
[Round "9.6"]
[White "Abraham, Karel"]
[Black "Postupa, Martin"]
[Result "1-0"]
[WhiteElo "1909"]
[BlackElo "1843"]
[PlyCount "80"]
[EventDate "2005.10.30"]
[EventType "team"]
[EventRounds "11"]
[EventCountry "CZE"]
[SourceTitle "EXT 2009"]
[Source "ChessBase"]
[SourceDate "2008.11.26"]
[SourceVersion "1"]
[SourceVersionDate "2008.11.26"]
[SourceQuality "1"]

1. e4 e5 2. Nf3 Nc6 3. d4 exd4 4. Bc4 Bc5 5. c3 Qe7 6. 0-0 dxc3 7. Nxc3 d6 8. Nd5 Qd8 9. b4 Bb6 10. a4 a6 11. Bb2 f6 12. Qb3 Nh6 13. Rfd1 Bg4 14. Rd2 Ba7 15. Re1 Bxf3 16. Qxf3 Ne5 17. Bxe5 fxe5 18. Qh5+ Nf7 19. Nb6 g6 20. Bxf7+ Kxf7 21. Qf3+ Qf6 22. Qxf6+ Kxf6 23. Nxa8 Rxa8 24. Rc1 Bb8 25. Kf1 c6 26. Ke2 Bc7 27. a5 Ke6 28. Rd3 Rd8 29. Rcc3 Kf6 30. g4 Rd7 31. Rf3+ Kg7 32. g5 d5 33. exd5 cxd5 34. Rc5 e4 35. Rb3 d4 36. b5 d3+ 37. Kd1 Bxa5 38. b6 Kf8 39. Rxa5 Ke7 40. Re5+ Kd6 1-0

[Event "CZE-chT3A Middle 0506  "]
[Site "Czech Republic"]
[Date "2006.02.19"]
[Round "8.8"]
[White "Garsic, Petr"]
[Black "Abraham, Karel"]
[Result "1-0"]
[WhiteElo "2144"]
[BlackElo "1909"]
[PlyCount "69"]
[EventDate "2005.10.30"]
[EventType "team"]
[EventRounds "11"]
[EventCountry "CZE"]
[SourceTitle "EXT 2009"]
[Source "ChessBase"]
[SourceDate "2008.11.26"]
[SourceVersion "1"]
[SourceVersionDate "2008.11.26"]
[SourceQuality "1"]

1. d4 Nf6 2. c4 e6 3. Nf3 b6 4. g3 Bb7 5. Bg2 Bb4+ 6. Bd2 Bxd2+ 7. Qxd2 d6 8. 0-0 0-0 9. Nc3 Nbd7 10. Rfd1 Qe7 11. Rac1 a6 12. b4 Ne4 13. Qe3 Nxc3 14. Rxc3 Nf6 15. d5 e5 16. Nd4 g6 17. Nb3 Ng4 18. Qc1 f5 19. c5 Rac8 20. c6 Ba8 21. h3 Nf6 22. Re3 Qf7 23. Red3 e4 24. Rd4 Rce8 25. e3 Re5 26. Qd2 g5 27. Nc1 h5 28. Ne2 Kh7 29. Nc3 h4 30. Rf1 Nh5 31. g4 fxg4 32. Bxe4+ Kh6 33. hxg4 Rxe4 34. Nxe4 Qf3 35. Qd1 1-0

[Event "CZE-chT3A Middle 0506  "]
[Site "Czech Republic"]
[Date "2006.02.05"]
[Round "7.6"]
[White "Abraham, Karel"]
[Black "Nipca, Miroslav"]
[Result "0-1"]
[WhiteElo "1909"]
[BlackElo "1950"]
[PlyCount "82"]
[EventDate "2005.10.30"]
[EventType "team"]
[EventRounds "11"]
[EventCountry "CZE"]
[SourceTitle "EXT 2009"]
[Source "ChessBase"]
[SourceDate "2008.11.26"]
[SourceVersion "1"]
[SourceVersionDate "2008.11.26"]
[SourceQuality "1"]

1. e4 d6 2. d4 Nf6 3. Nc3 c6 4. f4 Qa5 5. Nf3 Nxe4 6. a4 Nxc3 7. bxc3 Bg4 8. Bd2 Qc7 9. Bd3 e6 10. 0-0 Be7 11. h3 Bf5 12. Qe1 Bxd3 13. cxd3 0-0 14. Qe4 Nd7 15. Rae1 Rae8 16. g4 c5 17. g5 Qc6 18. Qe3 a6 19. h4 Qxa4 20. h5 Qc6 21. g6 Bf6 22. Ng5 hxg6 23. hxg6 Bxg5 24. gxf7+ Rxf7 25. fxg5 Rxf1+ 26. Rxf1 Qd5 27. Qh3 Rf8 28. Re1 Rf3 29. Qxe6+ Qxe6 30. Rxe6 Rxd3 31. Rxd6 Rxd2 32. Rxd7 cxd4 33. cxd4 b5 34. g6 Kf8 35. Rf7+ Ke8 36. Ra7 b4 37. d5 b3 38. Rxg7 b2 39. Rg8+ Ke7 40. d6+ Kxd6 41. Rh8 Rd1+ 0-1

[Event "CZE-chT3A Middle 0506  "]
[Site "Czech Republic"]
[Date "2005.11.27"]
[Round "3.7"]
[White "Framberk, Jan"]
[Black "Abraham, Karel"]
[Result "1-0"]
[WhiteElo "2011"]
[BlackElo "1909"]
[PlyCount "78"]
[EventDate "2005.10.30"]
[EventType "team"]
[EventRounds "11"]
[EventCountry "CZE"]
[SourceTitle "EXT 2009"]
[Source "ChessBase"]
[SourceDate "2008.11.26"]
[SourceVersion "1"]
[SourceVersionDate "2008.11.26"]
[SourceQuality "1"]

1. e4 e6 2. b3 d5 3. Bb2 d4 4. Nf3 c5 5. Bb5+ Bd7 6. Qe2 Nc6 7. a4 Nge7 8. Na3 Ng6 9. g3 Be7 10. Nc4 Nb4 11. Bxd7+ Qxd7 12. d3 0-0 13. h4 f6 14. h5 Nh8 15. Kf1 Nf7 16. Bc1 Qc7 17. Bf4 e5 18. Bc1 a6 19. a5 Nd6 20. Nb6 Rad8 21. Ba3 Nb5 22. Bxb4 cxb4 23. Nh4 Nc3 24. Qg4 Bc5 25. Nc4 Qd7 26. Nf5 Kh8 27. f4 Qf7 28. fxe5 fxe5 29. Nxe5 Qf6 30. Ng6+ Kg8 31. Nxf8 Rxf8 32. Kg2 Nd5 33. exd5 Qxf5 34. Qxf5 Rxf5 35. Rae1 Rxd5 36. Rhf1 h6 37. g4 Bd6 38. Re8+ Kh7 39. Rf5 Rc5 1-0